Spider-Man: No Way Home Quiz (SPOILERS) - Statistics

General Stats
  • This quiz has been taken 1,271 times
    332 since last reset
  • The average score is 16 of 24
Answer Stats
Actor Role % Correct
Tom Holland Peter Parker/Spider-Man
100%
Andrew Garfield Peter Parker/Spider-Man
100%
Tobey Maguire Peter Parker/Spider-Man
100%
Zendaya MJ Watson
96%
Benedict Cumberbatch Stephen Strange/Doctor Strange
96%
Jacob Batalon Ned Leeds
92%
Willem Dafoe Norman Osborn/Green Goblin
92%
Marisa Tomei Aunt May
89%
Jamie Foxx Max Dillon/Electro
89%
Alfred Molina Otto Octavius/Doctor Octopus
88%
Thomas Haden Church Flint Marko/Sandman
85%
Jon Favreau Happy Hogan
84%
Tom Hardy Eddie Brock/Venom
83%
Rhys Ifans Curt Connors/The Lizard
76%
Benedict Wong Wong
76%
J.K. Simmons J. Jonah Jameson
73%
Charlie Cox Matt Murdock
59%
Tony Revolori Flash Thompson
56%
Angourie Rice Betty Brant
29%
Cristo Fernández Barman
14%
Martin Starr Mr. Harrington
12%
Paula Newsome MIT Assistant Vice Chancellor
11%
Hannibal Buress Coach Wilson
8%
J.B. Smoove Julius Dell
7%
No matching quizzes found
Score Distribution
Percent of People with Each Score
Percentile by Number Answered
Your Score History
You have not taken this quiz since the last reset